000 00507nam a2200181Ia 4500
005 20250326124345.0
008 250326s9999 xx 000 0 und d
037 _aTextbook
040 _aFMSL
_beng
_cFMSL
041 _aeng
_2eng
084 _aX:74 K2
_qFMSL
100 _aPrakesh O
_9737286
245 0 _aTheory and working of state corporations
_cPrakesh O
260 _aLondon
_bLondon, George Allen & Unwin
_c1962
300 _a272p
942 _cTB
_hX:74 K2
999 _c1273413
_d1273413